|
|
|
|
| LEADER |
00876nam a22002417a 4500 |
| 001 |
43578 |
| 003 |
BD-DhAAL |
| 008 |
241020t1997 ii ||||| d||| 00| 0 eng d |
| 020 |
|
|
|a 8174885579
|
| 040 |
|
|
|a BD-DhAAL
|c BD-DhAAL
|
| 082 |
|
|
|a 428.003
|
| 100 |
|
|
|a Batra, S.
|9 56991
|
| 245 |
|
|
|a Dictionary of difficult words /
|c S. Batra.
|
| 250 |
|
|
|a First edition.
|
| 260 |
|
|
|a New Delhi :
|b Anmol Publications,
|c 1997.
|
| 300 |
|
|
|a 172 pages ;
|c 22 cm
|
| 541 |
|
|
|a Savar Campus Library
|e 43578
|
| 650 |
|
|
|a English language
|x Usage
|v Dictionaries.
|9 14091
|
| 650 |
|
|
|a English language
|v Dictionaries.
|
| 852 |
|
|
|a Ayesha Abed Library
|
| 942 |
|
|
|2 ddc
|c BK
|
| 999 |
|
|
|c 47028
|d 47028
|
| 952 |
|
|
|0 0
|1 0
|2 ddc
|4 0
|6 428_003000000000000_BAT
|7 0
|9 76703
|a SCL
|b SCL
|c GEN
|d 2024-10-20
|e Savar Campus Library
|g 357.00
|l 0
|o 428.003 BAT
|p 3020043578
|r 2024-10-20
|t 1
|w 2024-10-20
|y BK
|x Savar Campus Library ; Rs. 250.00
|